| 000 | 00835 a2200205 4500 | ||
|---|---|---|---|
| 010 | _aENG-88546 | ||
| 020 | _c270.00 | ||
| 035 | _aEN-72079 | ||
| 037 | _bDBAD / PUB | ||
| 082 | 0 | 0 | _a362.11068 |
| 090 |
_c8867 _d8867 |
||
| 100 | 1 | _aFinch, Cedric B. | |
| 245 | 1 | 0 |
_aA practical guide to hospital planning and management/ _cby Cedric B. Finch, D.K. Sharma [and] R.C. Goyal; illustrated by Brajagopal Paul |
| 260 |
_aNew Delhi _bVoluntary Health Association of India _c1999 |
||
| 270 |
_aB-40, Qutab Institutional Area, _bNew Delhi _e110 016 _k26518071, 26518072, 51688152, 51688153 _l011-26853708 _mvhai@vsnl.com |
||
| 300 |
_ax, 234p. : _bill. ; _c24cm (pbk) |
||
| 500 | _aIncludes index | ||
| 942 |
_adpl _cEN _k362.11068 / FIN |
||
| 999 |
_c8706 _d8706 |
||